Συνεργασία σχολείου και οικογένειας με χρήση νέων τεχνολογιών : διπλωματική εργασία [μεταπτυχιακή εργασία]
Saved in:
| Main Author: | |
|---|---|
| Other Authors: | |
| Format: | Thesis Book |
| Language: | Greek |
| Published: |
2015.
|
| Subjects: | |
| Online Access: | http://hdl.handle.net/11610/16329 |
| Tags: |
Add Tag
No Tags, Be the first to tag this record!
|
MARC
| LEADER | 00000cam a2200000 a 4500 | ||
|---|---|---|---|
| 001 | 1/109867 | ||
| 008 | 160209s2015####gr | ||| |||| ||gre|| | ||
| 040 | |a GR-MyUa |b gre |c GR-MyUa |e AACR2 | ||
| 041 | 0 | |a gre | |
| 082 | 7 | |a 371.192 |2 (23) | |
| 100 | 1 | |a Τσερκέζη, Ευμορφία. | |
| 245 | 1 | 0 | |a Συνεργασία σχολείου και οικογένειας με χρήση νέων τεχνολογιών : |b διπλωματική εργασία [μεταπτυχιακή εργασία] / |c Τσερκέζη Ευμορφία ; επιβλέπουσα καθηγήτρια Τσιμπιδάκη Ασημίνα. |
| 260 | |c 2015. | ||
| 300 | |a 151 σ. : |b πίν., διάγρ. ; |c 30 εκ. | ||
| 502 | |a Διατριβή (μεταπτυχιακή) – Πανεπιστήμιο Αιγαίου, Ρόδος, 2015. | ||
| 504 | |a Βιβλιογραφία: σ. 133-136. | ||
| 506 | 1 | |a Πλήρες κείμενο - Ενδοπανεπιστημιακή δημοσίευση - Κλειδωμένη η δυνατότητα αντιγραφής. | |
| 650 | 0 | |a Home and school |z Greece. | |
| 650 | 0 | |a Parent-teacher relationships |z Greece. | |
| 650 | 0 | |a Education |x Parent participation |z Greece. | |
| 650 | 0 | |a Internet in education. | |
| 650 | 0 | |a Educational surveys. | |
| 700 | 1 | |a Τσιμπιδάκη, Ασημίνα, |e dgsf [Επιβλέπουσα καθηγήτρια] | |
| 852 | |a INST |b RHODES |c DIATR |e 20160209 |h 371.192 ΤΣΕ |p 005400038224 |q 005400038224 |t MTXE |y 23 | ||
| 856 | |u http://hdl.handle.net/11610/16329 | ||
| 924 | |a Τσερκέζη |b Ευμορφία |y Ρόδος |z 2015-06 | ||
| 970 | |z 09-02-2016 | ||